The art of human relations. (Record no. 13151)

000 -LEADER
fixed length control field 00625nam a2200193 a 4500
001 - CONTROL NUMBER
control field :::00010969$&:&@@
003 - CONTROL NUMBER IDENTIFIER
control field OkBaRHE
005 - DATE AND TIME OF LATEST TRANSACTION
control field 20000607103404.0
008 - FIXED-LENGTH DATA ELEMENTS--GENERAL INFORMATION
fixed length control field s1985 j 000 0 eng u
020 ## - INTERNATIONAL STANDARD BOOK NUMBER
International Standard Book Number 0805450084 (pbk.)
040 ## - CATALOGING SOURCE
Transcribing agency
100 1# - MAIN ENTRY--PERSONAL NAME
Personal name White, Ernest, 1928-
245 14 - TITLE STATEMENT
Title The art of human relations.
260 ## - PUBLICATION, DISTRIBUTION, ETC. (IMPRINT)
Place of publication, distribution, etc Nashville, TN., :
Name of publisher, distributor, etc Broadman Press
Date of publication, distribution, etc c1985
300 ## - PHYSICAL DESCRIPTION
Extent 194 p. : illus. ;
Dimensions 21 cm.
650 ## - SUBJECT ADDED ENTRY--TOPICAL TERM
Topical term or geographic name as entry element Interpersonal Relations
General subdivision Religious Aspects
-- Christianity
942 ## - ADDED ENTRY ELEMENTS (KOHA)
Source of classification or shelving scheme
Koha item type Books
Copies
Koha item type Price effective from Full call number Date acquired Barcode Withdrawn status Date last seen Damaged status Not for loan Copy number Lost status Permanent Location Shelving location Source of classification or shelving scheme
Books2010-04-14BV 4509.5 .W452010-04-1410969 2010-04-14  1 RHEMA Bible Training CollegeGeneral Stacks